000 00629nam a2200169 a 4500
001 000037037
005 20200930080111.0
008 120209s1970 sp 000 0 spa d
040 _aDO-SdBNP
_bspa
_cBNPHU
082 _axxxx
_bF678h
100 1 _aFontaine, Andre
_963446
240 1 0 _aHistoire de la guerre froide ll
_lEspañol
245 1 0 _aHistoria de la guerra fria :
_bde la guerra de Corea a la crisis de las alianzas 1950-1967 /
_cAndre Fontaine ; traducción de Basilio Losada Castro.
260 _aBarcelona :
_bLuis de Caralt Editor,
_c1970.
300 _a491 p. :
_bil., retr. ;
_c22 cm.
500 _aTraducido del inglés
999 _c36527
_d36527